000 01554nas a2200289 454500
001 41023
005 20260407193510.0
008 260407s2016####ag###########|||spa#d
003 AR-UNSa-BCEJYS
040 _aAR-UNSa-BCEJYS
_bspa
_cAR-UNSa-BCEJYS
080 _a338
_xSituación económica. Política económica. Gestión de la economía. Planificación de la economía. Producción. Servicios. Precios
245 1 0 _aInforme de política monetaria
022 _a2525-0701
264 1 _aBuenos Aires :
_bBanco Central de la República Argentina
_c2016
310 _aFrecuencia: Trimestral
505 _aEquiparable a los reportes trimestrales característicos de países con Metas de Inflación, esta publicación tiene como objetivo comunicar cómo el BCRA percibe la dinámica inflacionaria, cómo anticipa la evolución de los precios, y explicar de manera transparente las razones de sus decisiones de política monetaria. Este nuevo informe será publicado de forma trimestral, después del dato de inflación del último mes de cada trimestre, y será acompañado por una conferencia de prensa del presidente de la institución.
041 _aspa
942 _cSER
590 _aniveau_biblio:s niveau_hierar:1
100 1 _aBanco Central de la República Argentina
650 _aBANCOS
650 _aPolítica monetaria
650 _aPolítica económica
650 _aECONOMIA
650 _aINSTITUCIONES FINANCIERAS Y CREDITICIAS
856 4 1 _uhttps://biblioeco.unsa.edu.ar/pmb/images/revistas/R20652.jpg
_yImagen de portada
_qimage/jpeg
999 _c8872
_d8872